Basic engineering thermodynamics (Record no. 20689)

000 -LEADER
fixed length control field 00635nam a2200217 4500
001 - CONTROL NUMBER
control field 20689
003 - CONTROL NUMBER IDENTIFIER
control field BD-DhUET
008 - FIXED-LENGTH DATA ELEMENTS--GENERAL INFORMATION
fixed length control field 740715s1975 nyua b 001 0 eng
020 ## - INTERNATIONAL STANDARD BOOK NUMBER
International Standard Book Number 0070728151
040 ## - CATALOGING SOURCE
Original cataloging agency DLC
Transcribing agency DLC
Modifying agency BD-DhUET
082 00 - DEWEY DECIMAL CLASSIFICATION NUMBER
Classification number 621.01
Item number ZEM/1975
100 ## - MAIN ENTRY--PERSONAL NAME
Personal name Zemansky, Mark W.
245 10 - TITLE STATEMENT
Title Basic engineering thermodynamics
Statement of responsibility, etc. by Mark W. Zemansky, Michael M. Abbott, and Hendrick C. Van Ness.
250 ## - EDITION STATEMENT
Edition statement 2nd ed.
260 ## - PUBLICATION, DISTRIBUTION, ETC. (IMPRINT)
Place of publication, distribution, etc. New York
Name of publisher, distributor, etc. McGraw-Hill
Date of publication, distribution, etc. 1975
300 ## - PHYSICAL DESCRIPTION
Extent xvi, 492 p.
Other physical details illus.
Dimensions 24 cm.
650 #0 - SUBJECT ADDED ENTRY--TOPICAL TERM
Topical term or geographic name as entry element Thermodynamics engineering
700 ## - ADDED ENTRY--PERSONAL NAME
Personal name Abbott, Michael M.
700 1# - ADDED ENTRY--PERSONAL NAME
Personal name Van Ness, H. C.
942 ## - ADDED ENTRY ELEMENTS (KOHA)
Koha item type General Book
Holdings
Lost status Source of classification or shelving scheme Withdrawn status Koha date last seen Date acquired Location (home branch) Koha normalized classification for sorting Shelving location Piece designation (barcode) Koha item type Price effective from Damaged status Not for loan Sublocation or collection (holding branch) Copy number Koha full call number
   2015-04-122015-04-12Central Library, BUET621_010000000000000_ZEM_1975Circulation section44466General Book2015-04-12  Central Library, BUET1621.01/ZEM/1975
   2015-04-122015-04-12Central Library, BUET621_010000000000000_ZEM_1975Circulation section44256General Book2015-04-12  Central Library, BUET2621.01/ ZEM/1975